UBT Library

From Play to Art (Record no. 56906)

000 -LEADER
fixed length control field 00306nam a22001457a 4500
008 - FIXED-LENGTH DATA ELEMENTS--GENERAL INFORMATION
fixed length control field 210428b ||||| |||| 00| 0 eng d
020 ## - INTERNATIONAL STANDARD BOOK NUMBER
International Standard Book Number 2900435085710
041 ## - LANGUAGE CODE
Language code of text/sound track or separate title eng
080 ## - UNIVERSAL DECIMAL CLASSIFICATION NUMBER
Universal Decimal Classification number 7
082 ## - DEWEY DECIMAL CLASSIFICATION NUMBER
Classification number 7
100 ## - Rafti
Rafti 45
101 ## - Shkurtesa
Shkurtesa ART
245 ## - TITLE STATEMENT
Title From Play to Art
Statement of responsibility, etc George Szekely
942 ## - ADDED ENTRY ELEMENTS (KOHA)
Source of classification or shelving scheme
Item type Books
Holdings
Withdrawn status Lost status Source of classification or shelving scheme Damaged status Not for loan Collection code Permanent location Current location Shelving location Date acquired Total Checkouts Full call number Barcode Date last seen Price effective from Koha item type
          Koleksioni i përgjithshem UBT - Lipjan UBT - Lipjan Koleksioni i përgjithshem 04/28/2021   7 SZE 002-7001545 04/28/2021 04/28/2021 Books
          Koleksioni i përgjithshem UBT - Lipjan UBT - Lipjan Koleksioni i përgjithshem 04/28/2021   7 SZE 002-7001538 04/28/2021 04/28/2021 Books
          Koleksioni i përgjithshem UBT - Lipjan UBT - Lipjan Koleksioni i përgjithshem 04/28/2021   7 SZE 002-7001537 04/28/2021 04/28/2021 Books
UBT Library © 2015-2024. All rights reserved University Education for Business and Technology